Sports Quiz

Random Sports or NCAA Quiz

Big Sky Quiz Stats

 Plays Quiz Updated Jul 11, 2018

Score 0/22 Timer 05:00
2 Plays Today
% Correct
Montana
87.9%
Idaho
73.3%
Montana State
72.1%
Idaho State
67%
Grizzlies
58.1%
Weber State
56%
Eastern Washington
55%
Northern Arizona
51.8%
Portland State
50.3%
Eagles
49.9%
Vandals
49.3%
% Correct
Wildcats
48.2%
Northern Colorado
46.7%
Bears
45.7%
Bobcats
42%
Sacramento State
41.9%
Southern Utah
40.8%
Lumberjacks
40%
Bengals
38.4%
Vikings
36.7%
Hornets
31.7%
Thunderbirds
28.9%

You're not logged in!

Compare scores with friends on all Sporcle quizzes.
OR
Log In

Sporcle TV

Today on Sporcle TV


Watch our educational content, quiz creation guides, and fun videos on Sporcle TV.

Show Comments

Extras

Top Quizzes Today


Score Distribution

Your Account Isn't Verified!

In order to create a playlist on Sporcle, you need to verify the email address you used during registration. Go to your Sporcle Settings to finish the process.

Report this User

Report this user for behavior that violates our Community Guidelines.

Details: